| 000 | 01221nam a2200289 i 4500 | ||
|---|---|---|---|
| 001 | bg | ||
| 245 | 1 | 0 |
_aŁad polskiej przestrzeni : _bstudium przypadku - metropolia trójmiejska / _cpod red. Jerzego Kołodziejskiego i Tomasza Parteki. |
| 260 |
_aWarszawa : _bWydaw. Naukowe PWN, _c2001. |
||
| 300 |
_a275 s. : _bmapy, pl., rys. ; _c24 cm. |
||
| 490 | 1 |
_aBiuletyn / Polska Akademia Nauk .Komitet Przestrzennego Zagospodarowania Kraju, _x0079-3493 ; _vZ. 199 |
|
| 504 | _aBibliogr. przy art. | ||
| 650 | 9 |
_aPlanowanie przestrzenne _zPolska _yod 1989 r. |
|
| 650 | 9 |
_aMiasta _xplanowanie przestrzenne _zPolska _yod 1989 r. |
|
| 650 | 9 |
_aMetropolie (urban.) _xplanowanie przestrzenne _zPolska _yod 1989 r. |
|
| 650 | 9 |
_aUrbanizacja _zPolska _yod 1989 r. |
|
| 700 | 1 |
_aKOŁODZIEJSKI, Jerzy. _eRed. |
|
| 700 | 1 |
_aPARTEKA, Tomasz. _eRed. |
|
| 710 | 0 |
_aPolska Akademia Nauk _bKomitet Przestrzennego Zagospodarowania Kraju |
|
| 830 | 0 |
_aBiuletyn (Polska Akademia Nauk .Komitet Przestrzennego Zagospodarowania Kraju) ; _vZ. 199 |
|
| 020 | _a8391572021 | ||
| 040 | _cBPK | ||
| 041 | 0 | _apl | |
| 080 | _a711.4/.8:911.375](438)"1989/..." | ||
| 920 | _a83-915720-2-1 | ||
| 942 | _cKS | ||
| 008 | s pl f |000 0 pol | ||
| 999 |
_c40394 _d40394 |
||
| 856 |
_uhttp://koha.tu.koszalin.pl/cgi-bin/koha/opac-detail.pl?biblionumber=40394 _yKatalog online BPK |
||